| 000 | 00656nam a22001457a 4500 | ||
|---|---|---|---|
| 020 | _a978-0-85707-119-4 | ||
| 082 |
_a823 _bRUS/D |
||
| 100 | _aRUSSEL, RACHEL RENEE | ||
| 245 |
_aDORK DIARIES _bSKATING SENSATION |
||
| 260 |
_aUNITED KINGDOM _bSIMON & SCHUSTER _c2012 |
||
| 300 | _a347 | ||
| 520 | _aNikki Maxwell isn't at all surprised to find out that her crush Brandon volunteers at a local animal shelter. He's such a sweet guy - of course he wants to help those adorable puppies! Then Brandon tells her that the shelter is in danger of closing, and Nikki knows she can't let that happen. | ||
| 650 |
_aCHILDREN'S STORY BOOK _zUNITED KINGDOM |
||
| 942 | _cBK | ||
| 999 |
_c6004 _d6004 |
||